书目信息 |
| 题名: |
读书那些事
|
|
| 作者: | 梁杰 主编 | |
| 分册: | ||
| 出版信息: | 南京 江苏凤凰科学技术出版社 2017 |
|
| 页数: | 190页 | |
| 开本: | 24cm | |
| 丛书名: | ||
| 单 册: | ||
| 中图分类: | G451.6 , H09 | |
| 科图分类: | ||
| 主题词: | 教师--阅读--能力培养 | |
| 电子资源: | ||
| ISBN: | 978-7-5537-8158-7 | |
| 000 | 01072nam0 2200265 450 | |
| 001 | 1635 | |
| 005 | 20180522133226.82 | |
| 010 | @a978-7-5537-8158-7@dCNY36.00 | |
| 100 | @a20170619d2017 em y0chiy50 ea | |
| 101 | 0 | @achi |
| 102 | @aCN@b320000 | |
| 105 | @ay z 000yy | |
| 200 | 1 | @a读书那些事@9du shu na xie shi@dStories of reading@e给教师的阅读建议@f梁杰主编@zeng |
| 210 | @a南京@c江苏凤凰科学技术出版社@d2017 | |
| 215 | @a190页@d24cm | |
| 314 | @a梁杰,《中国教育报》资深记者、编辑,副编审。1986年从北京大学哲学系毕业后,一直在《中国教育报》从事教育新闻采编工作。 | |
| 330 | @a透过这本书,我们看到了中国教师群体中最优秀的一部分“领读者”的生活方式与生命状态,也让我们找到了人生的榜样与自我镜像。从现在开始,我们不妨也像他们那样,享受阅读,做一个快的读书人,做一个称职的“领读者”! | |
| 510 | 1 | @aStories of reading@zeng |
| 517 | 1 | @a给教师的阅读建议@9gei jiao shi de yue du jian yi |
| 606 | 0 | @a教师@x阅读@x能力培养 |
| 690 | @aG451.6@v5 | |
| 690 | @aH09@v5 | |
| 701 | 0 | @a梁杰@9liang jie@4主编 |
| 801 | 0 | @aCN@b91MARC@c20170619 |
| 905 | @aMuseLib@dG451.6@e233 | |
| 读书那些事=Stories of reading:给教师的阅读建议/梁杰主编.-南京:江苏凤凰科学技术出版社,2017 |
| 190页;24cm |
| ISBN 978-7-5537-8158-7:CNY36.00 |
| 透过这本书,我们看到了中国教师群体中最优秀的一部分“领读者”的生活方式与生命状态,也让我们找到了人生的榜样与自我镜像。从现在开始,我们不妨也像他们那样,享受阅读,做一个快的读书人,做一个称职的“领读者”! |
| ● |
| 相关链接 |
|
|
|
|
正题名:读书那些事
索取号:G451.6/233
 
预约/预借
| 序号 | 登录号 | 条形码 | 馆藏地/架位号 | 状态 | 备注 |
| 1 | 1105689 | 211056890 | 第一样本阅览室/ [索取号:G451.6/233] | 在馆 | |
| 2 | 1105690 | 211056907 | 教育系资料室/ [索取号:G451.6/233] | 在馆 | |
| 3 | 1105691 | 211056916 | 教育系资料室/ [索取号:G451.6/233] | 在馆 | |
| 4 | 1105692 | 211056925 | 教育系资料室/ [索取号:G451.6/233] | 在馆 | |
| 5 | 1105693 | 211056934 | 第四借阅区/ [索取号:G451.6/233] | 在馆 | |
| 6 | 1105694 | 211056943 | 第四借阅区/ [索取号:G451.6/233] | 在馆 |